logo

Bir Sreshtho Munshi Abdur Rouf Library
Jhenaidah Cadet College

The permanent settlement in bengal a study of its operation 1790-1819 / (Record no. 5252)

MARC details
000 -LEADER
fixed length control field 00587nam a2200217 a 4500
001 - CONTROL NUMBER
JCCL Control Number 5252
003 - CONTROL NUMBER IDENTIFIER
JCCL marc code BD-JhCC
005 - DATE AND TIME OF LATEST TRANSACTION
control field 20171213131503.0
008 - FIXED-LENGTH DATA ELEMENTS--GENERAL INFORMATION
fixed length control field 171211s1979 bg ||||| |||| 00| 0 eng d
035 ## - SYSTEM CONTROL NUMBER
system control number (BD-JhCC)5252
040 ## - CATALOGING SOURCE
Original cataloging agency BD-JhCC
Modifying agency BD-JhCC
041 ## - LANGUAGE CODE
Language code of Book eng
082 ## - DEWEY DECIMAL CLASSIFICATION NUMBER
Classification number 333.32095414
Author mark and Year ISL 1979
100 ## - MAIN ENTRY--PERSONAL NAME
Personal name Islam, Sirajul
245 ## - TITLE STATEMENT
Title The permanent settlement in bengal a study of its operation 1790-1819 /
Statement of responsibility, etc Sirajul Islam,
300 ## - PHYSICAL DESCRIPTION
Pagination 262 p. :
Dimensions 21 cm.
650 ## - SUBJECT ADDED ENTRY--TOPICAL TERM
Topical term or geographic name as entry element Landtenure
Geographic subdivision India- Bengali
650 ## - SUBJECT ADDED ENTRY--TOPICAL TERM
Topical term or geographic name as entry element Economic History
942 ## - ADDED ENTRY ELEMENTS (KOHA)
Source of classification or shelving scheme Dewey Decimal Classification
Koha item type Books
Holdings
Source of classification or shelving scheme Damaged status Not for loan Home library Current library Shelving location Date of accession Cost, normal purchase price Total Checkouts Full call number Barcode Date last seen Copy number Koha item type
Dewey Decimal Classification     JCC Rouf Library JCC Rouf Library General Stacks 12/11/2017 25.00   333.3209544 ISL 1979 7175 12/11/2017 C-1 Books

JCC Library | Contacts | JCC Home

Last Update on 23 September 2017
Copyright @ 2017-2020 JCC Rouf Library
Rouf Library, Jhenidah Cadet College (JCC), Bangladesh